Statistics for US States with an Empty Map - Hard Version

Click here to take the quiz!

General Stats

  • This quiz has been taken 348 times
  • The average score is 45 of 50

Answers on the Map

Answers color-coded by a green-red scale on the quiz's map according to % correct below.
 

Answer Stats

State% Correct
California
97%
Texas
97%
Nevada
96%
Alabama
95%
Washington
95%
Florida
94%
New Mexico
94%
Arizona
93%
Colorado
93%
Georgia
93%
Idaho
93%
Maine
93%
Maryland
93%
Michigan
93%
New York
93%
North Carolina
93%
North Dakota
93%
Ohio
93%
South Carolina
93%
South Dakota
93%
Iowa
92%
Oregon
92%
Virginia
92%
Kentucky
91%
Tennessee
91%
Utah
91%
Arkansas
90%
Illinois
90%
Mississippi
90%
Pennsylvania
90%
West Virginia
90%
Indiana
89%
Kansas
89%
Montana
89%
New Hampshire
89%
Oklahoma
89%
Vermont
89%
Wyoming
89%
Alaska
87%
Missouri
87%
Delaware
86%
Wisconsin
86%
Louisiana
85%
Nebraska
85%
Rhode Island
85%
Hawaii
84%
Minnesota
84%
Connecticut
82%
New Jersey
82%
Massachusetts
79%

Score Distribution

Percentile by Number Answered

Percent of People with Each Score

Your Score History

You have not taken this quiz